Оптические характеристики плазмы, генерируемой в твердых телах сильноточным электронным пучком; Известия вузов. Физика; Т. 52, № 8/2 (приложение)

Dettagli Bibliografici
Parent link:Известия вузов. Физика/ Министерство общего и профессионального образования Российской Федерации ; Томский Госуниверситет.— , 1958-
Т. 52, № 8/2 (приложение).— 2009.— С. 537-541
Autore principale: Олешко В. И. Владимир Иванович
Altri autori: Лисицын В. М. Виктор Михайлович, Корепанов В. И. Владимир Иванович
Lingua:russo
Pubblicazione: 2009
Soggetti:
Natura: MixedMaterials Capitolo di libro
KOHA link:https://koha.lib.tpu.ru/cgi-bin/koha/opac-detail.pl?biblionumber=450755

MARC

LEADER 00000naa2a2200000 4500
001 450755
005 20240213085255.0
035 |a (RuTPU)RU\TPU\prd\112945 
035 |a RU\TPU\prd\112944 
090 |a 450755 
100 |a 20110615d2009 k y0rusy50 ca 
101 0 |a rus 
102 |a RU 
200 1 |a Оптические характеристики плазмы, генерируемой в твердых телах сильноточным электронным пучком  |d Optical characteristics of plasma generated in solids by high-current electron beam  |f В. И. Олешко, В. М. Лисицын, В. И. Корепанов 
320 |a Библиогр.: 11 назв. 
461 1 |0 (RuTPU)RU\TPU\prd\191  |t Известия вузов. Физика  |f Министерство общего и профессионального образования Российской Федерации ; Томский Госуниверситет  |d 1958- 
463 1 |0 (RuTPU)RU\TPU\prd\77801  |t Т. 52, № 8/2 (приложение)  |v С. 537-541  |d 2009 
610 1 |a труды учёных ТПУ 
700 1 |a Олешко  |b В. И.  |c специалист в области светотехники  |c профессор Томского политехнического университета, доктор физико-математических наук  |f 1948-  |g Владимир Иванович  |3 (RuTPU)RU\TPU\pers\27390  |9 12727 
701 1 |a Лисицын  |b В. М.  |c физик  |c профессор Томского политехнического университета, кандидат физико-математических наук  |f 1939-  |g Виктор Михайлович  |3 (RuTPU)RU\TPU\pers\10510  |9 2237 
701 1 |a Корепанов  |b В. И.  |c специалист в области светотехники  |c профессор Томского политехнического университета, доктор физико-математических наук  |f 1947-  |g Владимир Иванович  |3 (RuTPU)RU\TPU\pers\26561  |9 12250 
801 0 |a RU  |b 63413507  |c 20011210  |g PSBO 
801 2 |a RU  |b 63413507  |c 20110617  |g PSBO 
942 |c BK